The Hospital for Sick Children handbook of pediatrics / (Record no. 172573)
[ view plain ]
| 000 -LEADER | |
|---|---|
| fixed length control field | 00992cam a22003015i 4500 |
| 001 - CONTROL NUMBER | |
| control field | 22981949 |
| 003 - CONTROL NUMBER IDENTIFIER | |
| control field | OSt |
| 005 - DATE AND TIME OF LATEST TRANSACTION | |
| control field | 20260206103516.0 |
| 008 - FIXED-LENGTH DATA ELEMENTS--GENERAL INFORMATION | |
| fixed length control field | 230221s2022 paua 001 0 eng |
| 020 ## - INTERNATIONAL STANDARD BOOK NUMBER | |
| International Standard Book Number | 9780323713405 (paperback) |
| 040 ## - CATALOGING SOURCE | |
| Original cataloging agency | DLC |
| Language of cataloging | eng |
| Description conventions | rda |
| Transcribing agency | NUST |
| Modifying agency | NUST |
| 050 ## - LIBRARY OF CONGRESS CALL NUMBER | |
| Classification number | REF RJ45 SCH |
| 100 ## - MAIN ENTRY--PERSONAL NAME | |
| Personal name | Deborah Schonfield |
| Relator term | Editor |
| 245 04 - TITLE STATEMENT | |
| Title | The Hospital for Sick Children handbook of pediatrics / |
| Statement of responsibility, etc. | editors Deborah Schonfeld |
| 250 ## - EDITION STATEMENT | |
| Edition statement | 12th edition. |
| 260 ## - PUBLICATION, DISTRIBUTION, ETC. | |
| Place of publication, distribution, etc. | Toronto ; |
| Name of publisher, distributor, etc. | Elsevier, |
| Date of publication, distribution, etc. | ©2022. |
| 300 ## - PHYSICAL DESCRIPTION | |
| Extent | xx, 1318 pages : |
| Other physical details | illustrations ; |
| Dimensions | 19 cm |
| 336 ## - CONTENT TYPE | |
| Content type term | text |
| Content type code | txt |
| Source | rdacontent |
| 337 ## - MEDIA TYPE | |
| Media type term | unmediated |
| Media type code | n |
| Source | rdamedia |
| 338 ## - CARRIER TYPE | |
| Carrier type term | volume |
| Carrier type code | nc |
| Source | rdacarrier |
| 504 ## - BIBLIOGRAPHY, ETC. NOTE | |
| Bibliography, etc. note | [ ] |
| 650 #0 - SUBJECT ADDED ENTRY--TOPICAL TERM | |
| Topical term or geographic name entry element | Pediatrics. |
| 700 1# - ADDED ENTRY--PERSONAL NAME | |
| Personal name | Schonfeld, Deborah, |
| Relator term | editor. |
| 700 1# - ADDED ENTRY--PERSONAL NAME | |
| Personal name | Silver, Shawna, |
| Relator term | editor |
| 700 1# - ADDED ENTRY--PERSONAL NAME | |
| Personal name | Diskin, Catherine, |
| Relator term | editor. |
| 700 1# - ADDED ENTRY--PERSONAL NAME | |
| Personal name | Neville, Siobhán, |
| Relator term | editor. |
| 942 ## - ADDED ENTRY ELEMENTS (KOHA) | |
| Source of classification or shelving scheme | Library of Congress Classification |
| Suppress in OPAC | No |
| Koha item type | Reference Material |
| Edition | 12th Edition |
| Classification part | REF RJ45.SCH |
| Call number prefix | REF RJ45. |
| Call number suffix | SCH |
| Withdrawn status | Lost status | Source of classification or shelving scheme | Damaged status | Not for loan | Collection | Home library | Current library | Shelving location | Date acquired | Source of acquisition | Cost, normal purchase price | Total Checkouts | Full call number | Barcode | Date last seen | Accession number | Cost, replacement price | Price effective from | Koha item type | Public note |
|---|---|---|---|---|---|---|---|---|---|---|---|---|---|---|---|---|---|---|---|---|
| LCC | NFIC | Medical | Medical | GEN | 01/20/2026 | Book Aid International | 45.00 | REF RJ45.SCH | 92004057576 | 01/20/2026 | 63204 | 45.00 | 01/20/2026 | BOOKS | Donation |